[Event "BL2-Ost 0607"]
[Site "Germany"]
[Date "2007.04.22"]
[Round "9.7"]
[White "Schmidt, Jan Peter"]
[Black "Mueller, Matthias"]
[Result "0-1"]
[WhiteElo "2310"]
[BlackElo "2400"]
[PlyCount "70"]
[EventDate "2006.10.15"]
[EventType "team-tourn"]
[EventRounds "9"]
[EventCountry "GER"]
[SourceTitle "EXT 2008"]
[Source "ChessBase"]
[SourceDate "2007.11.25"]
[SourceVersion "1"]
[SourceVersionDate "2007.11.25"]
[SourceQuality "1"]
[WhiteTeam "Schoeneck"]
[BlackTeam "Erfurt"]
[WhiteTeamCountry "GER"]
[BlackTeamCountry "GER"]

1. Nf3 d5 2. c4 e6 3. g3 Nf6 4. Bg2 dxc4 5. Qa4+ Nbd7 6. Qxc4 c5 7. d3 Bd6 8. Qb3 Rb8 9. a4 b6 10. Nc3 a6 11. Nd2 Bb7 12. Bxb7 Rxb7 13. Nc4 Bc7 14. 0-0 Qb8 15. Na3 h5 16. Qc4 h4 17. Bf4 hxg3 18. hxg3 Bxf4 19. Qxf4 Qxf4 20. gxf4 Rh4 21. e3 g5 22. fxg5 Rg4+ 23. Kh1 Rxg5 24. Nc4 Ke7 25. Rg1 Ng4 26. Rg2 Rb8 27. f4 Rh5+ 28. Kg1 Rbh8 29. Kf1 Rh1+ 30. Rg1 b5 31. axb5 axb5 32. Ke2 R1h2+ 33. Kf3 f5 34. Nxb5 R8h3+ 35. Rg3 Rf2# 0-1

[Event "BL2-Ost 0607"]
[Site "Germany"]
[Date "2007.02.25"]
[Round "6.8"]
[White "Schmidt, Jan Peter"]
[Black "Natsidis, Christoph"]
[Result "1-0"]
[WhiteElo "2310"]
[BlackElo "2175"]
[PlyCount "53"]
[EventDate "2006.10.15"]
[EventType "team-tourn"]
[EventRounds "9"]
[EventCountry "GER"]
[SourceTitle "EXT 2008"]
[Source "ChessBase"]
[SourceDate "2007.11.25"]
[SourceVersion "1"]
[SourceVersionDate "2007.11.25"]
[SourceQuality "1"]
[WhiteTeam "Schoeneck"]
[BlackTeam "Gohlis"]
[WhiteTeamCountry "GER"]
[BlackTeamCountry "GER"]

1. Nf3 d5 2. c4 c6 3. e3 Nf6 4. Nc3 e6 5. b3 Nbd7 6. Bb2 Bd6 7. d4 0-0 8. Qc2 Qe7 9. Bd3 dxc4 10. bxc4 e5 11. 0-0 Re8 12. Ne4 exd4 13. Nxd6 Qxd6 14. exd4 Nf8 15. Ne5 Ng4 16. Rae1 Qc7 17. h3 Nxe5 18. dxe5 c5 19. f4 Qa5 20. f5 Bd7 21. e6 Ba4 22. Qe2 f6 23. e7 Nd7 24. Be4 Qc7 25. Bd5+ Kh8 26. Bf7 Nb6 27. Rf3 1-0

[Event "Oberliga Ost-B 0405"]
[Site "Germany"]
[Date "2005.04.10"]
[Round "11.4"]
[White "Beha, Alfred"]
[Black "Schmidt, Jan Peter"]
[Result "1/2-1/2"]
[WhiteElo "2188"]
[BlackElo "2308"]
[PlyCount "81"]
[EventDate "2004.10.10"]
[EventType "team-tourn"]
[EventRounds "11"]
[EventCountry "GER"]
[SourceTitle "EXT 2006"]
[Source "ChessBase"]
[SourceDate "2005.11.24"]
[SourceVersion "1"]
[SourceVersionDate "2005.11.24"]
[SourceQuality "1"]
[WhiteTeam "Frankfurt FTG"]
[BlackTeam "Schoeneck"]
[WhiteTeamCountry "GER"]
[BlackTeamCountry "GER"]

1. Nf3 Nf6 2. g3 g6 3. d4 Bg7 4. Bg2 0-0 5. c4 d6 6. 0-0 Nbd7 7. b3 e5 8. e3 Re8 9. Bb2 e4 10. Nfd2 Nf8 11. Nc3 Bf5 12. Rc1 h5 13. h3 N8h7 14. Kh2 Ng5 15. Ne2 Qd7 16. Ng1 c5 17. Nb1 cxd4 18. Bxd4 Ng4+ 19. Kh1 Ne5 20. Bxe5 Bxe5 21. h4 Nh7 22. Nc3 Bg4 23. Qd2 f5 24. Nd5 g5 25. hxg5 Nxg5 26. f4 exf3 27. Nxf3 Bxf3 28. Bxf3 Qg7 29. Qg2 Re6 30. Nf4 Rh6 31. Bxb7 Re8 32. Bd5+ Kh8 33. c5 h4 34. g4 dxc5 35. gxf5 h3 36. Qg4 Bxf4 37. exf4 Qd7 38. Rcd1 Nh7 39. Rg1 Nf6 40. Qg5 Qh7 41. Be6 1/2-1/2

[Event "Oberliga Ost-B 0405"]
[Site "Germany"]
[Date "2005.04.09"]
[Round "10.4"]
[White "Schmidt, Jan Peter"]
[Black "Berning, Boris"]
[Result "1/2-1/2"]
[WhiteElo "2308"]
[BlackElo "2186"]
[PlyCount "99"]
[EventDate "2004.10.10"]
[EventType "team-tourn"]
[EventRounds "11"]
[EventCountry "GER"]
[SourceTitle "EXT 2006"]
[Source "ChessBase"]
[SourceDate "2005.11.24"]
[SourceVersion "1"]
[SourceVersionDate "2005.11.24"]
[SourceQuality "1"]
[WhiteTeam "Schoeneck"]
[BlackTeam "Frankfurt BvK"]
[WhiteTeamCountry "GER"]
[BlackTeamCountry "GER"]

1. Nf3 c5 2. c4 e6 3. Nc3 Nf6 4. g3 b6 5. e4 d6 6. d4 cxd4 7. Nxd4 Bb7 8. Bg2 a6 9. 0-0 Qc7 10. Be3 Nbd7 11. Rc1 Be7 12. Nd5 Qb8 13. Nxe7 Kxe7 14. Re1 Re8 15. Bf4 Ne5 16. b4 Nfd7 17. Bg5+ Kf8 18. f4 Nc6 19. f5 Nxd4 20. Qxd4 e5 21. Qd2 Nf6 22. Rcd1 Rd8 23. Bxf6 gxf6 24. g4 Qc7 25. Qh6+ Ke7 26. g5 fxg5 27. f6+ Kd7 28. Qh3+ g4 29. Qxg4+ Kc6 30. b5+ axb5 31. cxb5+ Kxb5 32. Rc1 Qd7 33. Qf3 Rac8 34. Rb1+ Ka5 35. Re3 b5 36. Ra3+ Kb6 37. Qe3+ Rc5 38. Rab3 Rg8 39. a4 Rxg2+ 40. Kxg2 Qg4+ 41. Kf1 Bxe4 42. Rxb5+ Kc6 43. Rxc5+ dxc5 44. Rc1 Qg2+ 45. Ke1 Qh1+ 46. Kd2 Qxh2+ 47. Ke1 Qh1+ 48. Kd2 Qh2+ 49. Ke1 Qh1+ 50. Kd2 1/2-1/2

[Event "Oberliga Ost-B 0405"]
[Site "Germany"]
[Date "2005.01.16"]
[Round "7.5"]
[White "Schmidt, Jan Peter"]
[Black "Schlachetka, Werner"]
[Result "1-0"]
[WhiteElo "2308"]
[BlackElo "2154"]
[PlyCount "105"]
[EventDate "2004.10.10"]
[EventType "team-tourn"]
[EventRounds "11"]
[EventCountry "GER"]
[SourceTitle "EXT 2006"]
[Source "ChessBase"]
[SourceDate "2005.11.24"]
[SourceVersion "1"]
[SourceVersionDate "2005.11.24"]
[SourceQuality "1"]
[WhiteTeam "Schoeneck"]
[BlackTeam "Jena Glas"]
[WhiteTeamCountry "GER"]
[BlackTeamCountry "GER"]

1. Nf3 g6 2. c4 Bg7 3. Nc3 d6 4. g3 c6 5. Bg2 Na6 6. d4 Nc7 7. 0-0 Nh6 8. e4 0-0 9. Bf4 f6 10. Qd2 Nf7 11. Rad1 e5 12. Be3 Qe7 13. Rfe1 Be6 14. Qe2 Bh6 15. Bxh6 Nxh6 16. c5 dxc5 17. d5 cxd5 18. exd5 Nxd5 19. Nxd5 Qf7 20. Nc3 Nf5 21. b3 Rad8 22. Ne4 Qe7 23. Rxd8 Rxd8 24. Bh3 b6 25. Rd1 Kg7 26. Rxd8 Qxd8 27. Qd2 Qd5 28. Bxf5 gxf5 29. Qxd5 Bxd5 30. Ned2 Kf7 31. Nh4 Ke6 32. Nc4 Bxc4 33. bxc4 e4 34. f4 exf3 35. Nxf3 b5 36. cxb5 Kd5 37. Kf2 Kc4 38. Ke3 Kxb5 39. Kd3 Kb4 40. Nd2 Ka3 41. Nb3 Kxa2 42. Nxc5 Kb2 43. Ke3 Kc3 44. Nb7 Kc4 45. Kf4 Kb5 46. Kxf5 Kc6 47. Na5+ Kb5 48. Nb3 Kc4 49. Na1 Kc3 50. Kxf6 a5 51. Kg7 h5 52. Kh6 a4 53. Kxh5 1-0

[Event "Oberliga Ost-B 0405"]
[Site "Germany"]
[Date "2005.01.15"]
[Round "6.5"]
[White "Siebarth, Raiko"]
[Black "Schmidt, Jan Peter"]
[Result "1/2-1/2"]
[WhiteElo "2134"]
[BlackElo "2308"]
[PlyCount "97"]
[EventDate "2004.10.10"]
[EventType "team-tourn"]
[EventRounds "11"]
[EventCountry "GER"]
[SourceTitle "EXT 2006"]
[Source "ChessBase"]
[SourceDate "2005.11.24"]
[SourceVersion "1"]
[SourceVersionDate "2005.11.24"]
[SourceQuality "1"]
[WhiteTeam "Erfurt SK II"]
[BlackTeam "Schoeneck"]
[WhiteTeamCountry "GER"]
[BlackTeamCountry "GER"]

1. Nc3 g6 2. e4 Bg7 3. d4 d6 4. f4 c6 5. Nf3 Bg4 6. Be3 Qb6 7. Qd2 Bxf3 8. gxf3 Nd7 9. Bh3 e6 10. a4 d5 11. 0-0 Ne7 12. a5 Qc7 13. e5 0-0 14. Ra2 Rfc8 15. Na4 b6 16. Rfa1 Qd8 17. Qf2 Bf8 18. axb6 axb6 19. b4 Rc7 20. Nb2 Rxa2 21. Rxa2 Qb8 22. Nd3 Ra7 23. c3 Qa8 24. Rxa7 Qxa7 25. b5 Qa1+ 26. Qe1 Qxe1+ 27. Nxe1 cxb5 28. Nc2 Nc6 29. Bf1 b4 30. cxb4 Nxb4 31. Nxb4 Bxb4 32. Bb5 Nf8 33. Kf1 f6 34. Be8 Kg7 35. Ke2 h6 36. h4 Be7 37. Bf2 f5 38. Be1 g5 39. hxg5 hxg5 40. fxg5 Bxg5 41. f4 Bxf4 42. Bh4 Nh7 43. Bd8 Bc1 44. Bxb6 Ng5 45. Bd8 Ne4 46. Kd3 f4 47. Bh5 Be3 48. Bh4 Nd2 49. Bg4 1/2-1/2

[Event "Oberliga Ost-B 0405"]
[Site "Germany"]
[Date "2004.12.12"]
[Round "5.6"]
[White "Schmidt, Jan Peter"]
[Black "Weise, Martin"]
[Result "1-0"]
[WhiteElo "2308"]
[BlackElo "2198"]
[PlyCount "93"]
[EventDate "2004.10.10"]
[EventType "team-tourn"]
[EventRounds "11"]
[EventCountry "GER"]
[SourceTitle "EXT 2006"]
[Source "ChessBase"]
[SourceDate "2005.11.24"]
[SourceVersion "1"]
[SourceVersionDate "2005.11.24"]
[SourceQuality "1"]
[WhiteTeam "Schoeneck"]
[BlackTeam "Hungen Lich"]
[WhiteTeamCountry "GER"]
[BlackTeamCountry "GER"]

1. c4 b6 2. d4 e6 3. Nc3 Bb7 4. e4 Bb4 5. f3 f5 6. exf5 Nh6 7. Nh3 Nxf5 8. a3 Be7 9. d5 0-0 10. Bd3 Na6 11. 0-0 Bc5+ 12. Kh1 Qh4 13. Bg5 Qh5 14. Bxf5 exf5 15. b4 Bd6 16. Bf4 Bxf4 17. Nxf4 Qh4 18. Qd2 Rf6 19. g3 Qg5 20. Rae1 Rh6 21. Kg2 Rf8 22. Re5 Bc8 23. Rfe1 c6 24. Re7 Rd6 25. Qe3 Qh6 26. Qe5 Rdf6 27. dxc6 dxc6 28. h4 R6f7 29. Rxf7 Rxf7 30. Rd1 Qf6 31. Qxf6 Rxf6 32. Nh5 Rf8 33. Rd6 Nb8 34. b5 g6 35. Nf4 cxb5 36. Nxb5 Ba6 37. Ne6 Re8 38. Nec7 Rf8 39. Nxa6 Nxa6 40. Nxa7 Nc5 41. Rxb6 Rd8 42. Rb5 Rd2+ 43. Kh3 Ne6 44. Re5 Kf7 45. Nc6 Rd3 46. Rxf5+ Kg7 47. Rf7+ 1-0